L'arte di smettere di fumare (controvoglia) /

Carmen Covito ce l'ha fatta, ha smesso di fumare. Ma non va a raccontare in giro che è una cosa facile facile. Così come sa bene che non si smette quasi mai volentieri. Per solidarietà con gli ex compagni di vizio, l'autrice della Bruttina stagionata ha scritto con ironia e complicità questo manuale...

Fuld beskrivelse

Saved in:
Bibliografiske detaljer
Hovedforfatter: Covito, Carmen (Author)
Format: Bog
Sprog:italiensk
Udgivet: Milano : Mondadori, 2005
Fag:
Tags: Tilføj Tag
Ingen Tags, Vær først til at tagge denne postø!

MARC

LEADER 00000nam a22000007i 4500
001 IT\ICCU\UBO\2686459
003 ItRI
005 20240305184745.0
008 050325s2005 it |||||| ||||| |||||c
020 |a 8804546719 
040 |b ita  |c GP 
041 7 |a ita  |2 ISO-639-2 
100 1 |a Covito, Carmen  |0 IT\ICCU\RAVV\062537  |4 aut 
245 1 2 |a L'arte di smettere di fumare (controvoglia) /  |c Carmen Covito. 
260 |a Milano :  |b Mondadori,  |c 2005 
300 |a 182 p. ;  |c 19 cm 
520 |a Carmen Covito ce l'ha fatta, ha smesso di fumare. Ma non va a raccontare in giro che è una cosa facile facile. Così come sa bene che non si smette quasi mai volentieri. Per solidarietà con gli ex compagni di vizio, l'autrice della Bruttina stagionata ha scritto con ironia e complicità questo manualetto umoristico ma serio sull'arte di smettere di fumare controvoglia. Pagine utili e spassose in cui racconta gli alibi raffinatissimi, il rituale e il gusto dell'ultima sigaretta, la coda di paglia di fronte ai medici e il desiderio di fumarsi pure quella. Una cronaca del suo tragicomico calvario di sofferenze, autoipocrisie, strategie e trucchi sporchi per liberarsi dalla piacevole schiavitù. 
650 7 |a Tabagismo 
650 7 |a Fumo 
650 7 |a Tabagismo  |x Umorismo  |2 scbi 
650 7 |a Fumo  |x Umorismo  |2 scbi 
942 |2 ddc  |c BK 
952 |0 0  |1 0  |2 ddc  |4 0  |6 613_850000000000000_COV  |7 1  |9 865  |a RM  |b RM  |d 2024-03-05  |l 0  |o 613.85 COV  |p 418  |r 2024-03-05 18:48:15  |w 2024-03-05  |y BK 
981 1 |6 z01  |a i   |b xxxe  
982 1 |6 z01  |a n 
999 |c 822  |d 822